| 000 | 00363nam a2200145Ia 4500 | ||
|---|---|---|---|
| 008 | 230711s9999||||xx |||||||||||||| ||und|| | ||
| 041 | _aENG | ||
| 082 |
_a720 _bPO-E |
||
| 100 | _aPolyakov S.V | ||
| 245 | 0 | _aEarthquake resistent structure | |
| 250 | _a1st | ||
| 260 |
_c1984 _aNew Delhi _bNirja Const & Development co.Ltd |
||
| 650 | _aCivil Engineering | ||
| 942 | _cBK | ||
| 999 |
_c39 _d39 |
||